Химическая технология органических веществ: с 32 рисунками в тексте

Бібліографічні деталі
Автор: Розанов В. Н.
Резюме:Курс лекций, читанных на Московских курсах красных директоров
Мова:Російська
Опубліковано: Москва, Промиздат, 1926
Предмети:
Формат: Книга
KOHA link:https://koha.lib.tpu.ru/cgi-bin/koha/opac-detail.pl?biblionumber=261263

MARC

LEADER 00000n m0a2200000 4500
001 261263
005 20231101233541.0
035 |a (RuTPU)RU\TPU\book\284239 
090 |a 261263 
100 |a 20140522d1926 k y0rusy50 ca 
101 0 |a rus 
102 |a RU 
105 |a a z 000zy 
200 1 |a Химическая технология органических веществ  |e с 32 рисунками в тексте  |f В. Н. Розанов 
210 |a Москва  |a Ленинград  |c Промиздат  |d 1926 
215 |a 104 с.  |c ил. 
300 |a Курс лекций, читанных на Московских курсах красных директоров 
606 1 |a Органические вещества  |x Химическая технология  |2 stltpush  |3 (RuTPU)RU\TPU\subj\73441  |9 86442 
610 1 |a красящие вещества 
610 1 |a взрывчатые вещества 
610 1 |a смолы 
610 1 |a эфирные масла 
610 1 |a каучук 
610 1 |a лекции 
675 |a 661.7(075.8)  |v 3 
700 1 |a Розанов  |b В. Н. 
801 1 |a RU  |b 63413507  |c 20140522 
801 2 |a RU  |b 63413507  |c 20150114  |g RCR 
942 |c BK